000 00427nam a2200145Ia 4500
999 _c19103
_d19103
082 _aTP.0051
100 _aPathan, Sophia Khanum M.
245 0 _aReligion in its socio-cultural setting among the muslims in a South-Indian village
260 _c1979
_bKarnatak University
300 _a219p. + C D-4
650 _aMUSLIMS - INDIA, SOUTH
650 _aISLAM AND SOCIAL PROBLEMS
710 _aSarana, Gopala
942 _cTH
_2ddc